000 00542nam a22001937a 4500
003 KOHA_MİRAKIL
005 20250410161354.0
008 250410b tu ||||| |||| 00| 0 tur d
020 _a9789750523007
040 _aTR-AnABB
_btur
_cTR-AnABB
041 _atur
082 _a930.1
_bSCH 2017
100 1 _aSchliemann, Heinrich,
245 1 0 _aKahramanlar çağının izinde /
_cHeinrich Schliemann
260 _aİstanbul :
_bİletişim Yayınları,
_c2017
300 _a280 sayfa ;
_c20 cm
650 0 4 _aTarih
942 _2ddc
_cBK
999 _c8632
_d8632
900 _bGizem YORULMAZ